[Event "Open Alimini A"]
[Site "Otranto ITA"]
[Date "2011.05.28"]
[Round "9"]
[White "Orsi, Massimiliano"]
[Black "Ambrosanio, Raffaele"]
[WhiteElo "2037"]
[BlackElo "1956"]
[Result "1/2-1/2"]
[PlyCount "173"]
[EventDate "2011.05.21"]

1. e4 d6 2. d4 Nf6 3. Nc3 g6 4. Be3 c6 5. Qd2 b5 6. Bd3 Ng4 7. Bg5 h6 8. Bh4
Bg7 9. Nf3 Qc7 10. h3 Nf6 11. Bg3 O-O 12. O-O Nfd7 13. a4 b4 14. Ne2 a5 15. c3
bxc3 16. bxc3 e5 17. Rfb1 Ba6 18. Ra3 Bxd3 19. Qxd3 c5 20. Rb5 Nc6 21. dxe5
dxe5 22. Qc4 Rfb8 23. Rab3 Rxb5 24. Rxb5 Rb8 25. Nc1 Rxb5 26. Qxb5 Na7 27. Qa6
c4 28. Nd2 Nc5 29. Qxc4 Qd6 30. Ndb3 Ne6 31. Qd5 Qb6 32. Qxa5 Qxa5 33. Nxa5 Nc5
34. Nc4 Nxa4 35. Bxe5 Bxe5 36. Nxe5 Nxc3 37. f3 Nab5 38. Kf2 Kg7 39. Nc4 f6 40.
Ne3 Nd6 41. Ne2 Ncb5 42. Nd5 Kf7 43. Nec3 Nd4 44. Ke3 Nc2+ 45. Kd2 Nd4 46. Kd3
Ne6 47. Ne3 Nf4+ 48. Kd4 Ke6 49. Ncd5 Ne2+ 50. Kd3 Ng3 51. Ng4 f5 52. Nf4+ Kf7
53. exf5 gxf5 54. Ne5+ Kf6 55. Nc4 Nb5 56. Ne2 Nh5 57. g4 Ng7 58. Nd4 Nxd4 59.
Kxd4 fxg4 60. hxg4 Kg5 61. Ke5 h5 62. gxh5 Nxh5 63. Nd2 Kh4 64. Ne4 Ng7 65. Kf6
Ne8+ 66. Kg6 Nc7 67. Kf5 Kh3 68. Ke5 Kh4 69. f4 Kh5 70. f5 Kh6 71. Kd6 Nb5+ 72.
Ke7 Nc7 73. Nc3 Ne8 74. Nd5 Kg5 75. Ne3 Nf6 76. Ke6 Ne8 77. Ke5 Nf6 78. Kd6
Ne4+ 79. Ke6 Nf6 80. Nc4 Ne8 81. Ke5 Nf6 82. Nd6 Nh7 83. Ne4+ Kh6 84. Nf6 Nf8
85. Ng4+ Kg5 86. Nf6 Ng6+ 87. Ke4 1/2-1/2

[Event "Open Alimini A"]
[Site "Otranto ITA"]
[Date "2011.05.28"]
[Round "9"]
[White "Piscopo, Pierluigi"]
[Black "Sbarra, Marco"]
[WhiteElo "2417"]
[BlackElo "2278"]
[Result "1/2-1/2"]
[PlyCount "113"]
[EventDate "2011.05.21"]

1. e4 e5 2. Nf3 Nc6 3. Bc4 Nf6 4. d3 Be7 5. O-O O-O 6. Re1 d6 7. a4 Na5 8. Ba2
c5 9. c3 Nc6 10. Nbd2 Be6 11. Nc4 h6 12. Ne3 Re8 13. Nd5 Bf8 14. a5 Bxd5 15.
exd5 Ne7 16. a6 Rb8 17. axb7 Rxb7 18. Nd2 Qd7 19. Qf3 Qf5 20. Qxf5 Nxf5 21. Ne4
Nd7 22. Bc4 Rd8 23. Ra2 Nb6 24. Ba6 Rc7 25. c4 Nd4 26. Bd2 f5 27. Ng3 g6 28. b4
Nd7 29. Ne2 Rb8 30. Nxd4 cxb4 31. Bb5 exd4 32. Bxb4 Ne5 33. Ba5 Rcb7 34. Ra3 a6
35. Bxa6 Rb3 36. Rxb3 Rxb3 37. c5 dxc5 38. Rxe5 Ra3 39. g4 Rxa5 40. Bc4 Kg7 41.
gxf5 gxf5 42. Rxf5 Bd6 43. Rh5 Ra8 44. Rh4 Rf8 45. Re4 Rf6 46. h3 Rg6+ 47. Kf1
Rf6 48. Re2 Rf5 49. Ra2 Kg6 50. Ra6 Rf6 51. Bb5 Be5 52. Ra7 Bd6 53. Be8+ Kf5
54. Bd7+ Ke5 55. Be6 Rf8 56. Ra1 Be7 57. Re1+ 1/2-1/2

[Event "Open Alimini A"]
[Site "Otranto ITA"]
[Date "2011.05.28"]
[Round "9"]
[White "Quaranta, Cristiano"]
[Black "Pizzuto, Samuele Tullio"]
[WhiteElo "2110"]
[BlackElo "2136"]
[Result "1-0"]
[PlyCount "103"]
[EventDate "2011.05.21"]

1. Nf3 Nc6 2. d4 d5 3. Bf4 Bg4 4. e3 e6 5. c4 Bb4+ 6. Nc3 Nf6 7. Rc1 O-O 8. h3
Bxf3 9. Qxf3 Bxc3+ 10. bxc3 Ne4 11. Bd3 f5 12. Qe2 Na5 13. cxd5 exd5 14. c4
dxc4 15. Bxc4+ Kh8 16. Bd3 c6 17. Bxe4 fxe4 18. O-O b6 19. Be5 Qd7 20. Qg4 Qxg4
21. hxg4 Rad8 22. Kh2 Kg8 23. Kg3 Rd5 24. Rh1 c5 25. Rh5 c4 26. Bxg7 Rxh5 27.
Bxf8 Rb5 28. Ba3 Kf7 29. Kf4 Ke6 30. Kxe4 h5 31. gxh5 Rxh5 32. Bb4 Nb7 33. Rxc4
a5 34. Ba3 b5 35. Rc6+ Kd7 36. Rc2 b4 37. Bc1 Nd6+ 38. Kd3 Rh1 39. f3 Nb5 40.
Bb2 Rb1 41. Kc4 Kc6 42. Kb3+ Kb6 43. Rc1 a4+ 44. Kc2 Rxc1+ 45. Bxc1 Nc3 46. a3
Nd5 47. axb4 Nxb4+ 48. Kc3 Kb5 49. Ba3 Nd5+ 50. Kd3 Nb6 51. g4 Nc4 52. g5 1-0

[Event "Open Alimini A"]
[Site "Otranto ITA"]
[Date "2011.05.28"]
[Round "9"]
[White "Shytaj, Luca"]
[Black "Brunello, Sabino"]
[WhiteElo "2494"]
[BlackElo "2537"]
[Result "1-0"]
[PlyCount "59"]
[EventDate "2011.05.21"]

1. e4 c6 2. d4 d5 3. Nc3 dxe4 4. Nxe4 Bf5 5. Ng3 Bg6 6. h4 h6 7. Nf3 Nd7 8. h5
Bh7 9. Bd3 Bxd3 10. Qxd3 e6 11. Bd2 Ngf6 12. O-O-O Be7 13. Ne4 Nxe4 14. Qxe4
Nf6 15. Qd3 Qd5 16. c4 Qe4 17. Qb3 b5 18. Rde1 Qg4 19. Rh4 Qf5 20. Rf4 Qh7 21.
Ne5 O-O 22. c5 Nd5 23. Nxc6 Bf6 24. Rf3 Rac8 25. Qxb5 a6 26. Qa4 Rc7 27. Ne5
Rb8 28. Qc2 Qxc2+ 29. Kxc2 Nb4+ 30. Kb1 1-0

[Event "Open Alimini A"]
[Site "Otranto ITA"]
[Date "2011.05.28"]
[Round "9"]
[White "Zielinski, Werner"]
[Black "O'Leary, Matt"]
[WhiteElo "2137"]
[BlackElo "2007"]
[Result "1-0"]
[PlyCount "50"]
[EventDate "2011.05.21"]

1. d4 c5 2. dxc5 e5 3. Nc3 Bxc5 4. Ne4 Be7 5. Nd6+ Bxd6 6. Qxd6 Qe7 7. Qd1 d6
8. g3 Nf6 9. Bg2 Nc6 10. c3 O-O 11. e4 Be6 12. Ne2 Rad8 13. O-O d5 14. Qa4 dxe4
15. b3 a6 16. Ba3 Qd7 17. Bxf8 Kxf8 18. Qa3+ Kg8 19. Qb2 Bh3 20. Qc2 Bxg2 21.
Kxg2 Qd3 22. Rac1 Qf3+ 23. Kg1 Qg4 24. Rcd1 Re8 25. Nc1 Qh3 1-0